000 00621nam a22002297a 4500
003 UA-OsUOA
001 133265
007 ta
008 20181012b un ||||| |||| 00| 0 ukr d
090 _a101.1
_bА64
942 _cBK
040 _aUA-OsUOA
_brus
_cUA-OsUOA
_dUA-OsUOA
245 _aАналитическая философия
_bизбранные тексты
_cсост. А. Ф. Грязнова
300 _a181 с.
955 _a1
041 _arus
080 _a101.1
020 _a5-211-02147-9
260 _aМ.
_bМГУ
_c1993
650 7 _a1 Філософські науки
_2UDC
999 _c421943
_d421943